[Event "Quebec-ch U16"]
[Site "Montreal"]
[Date "2017.03.04"]
[Round "3"]
[White "Guan, Zi Yu"]
[Black "Ouellet, Maili Jade"]
[Result "0-1"]
[WhiteElo "1630"]
[BlackElo "2135"]
[PlyCount "96"]
[EventDate "2017.03.04"]
[EventType "swiss"]
[EventRounds "5"]
[EventCountry "CAN"]
[SourceTitle "EXT 2022"]
[Source "ChessBase"]
[SourceDate "2021.10.06"]
[SourceVersion "1"]
[SourceVersionDate "2021.10.06"]
[SourceQuality "1"]

1. e4 c5 2. Nf3 e6 3. d4 cxd4 4. Nxd4 a6 5. Be2 Nf6 6. Nc3 d6 7. Be3 b5 8. a3 Bb7 9. f3 Be7 10. 0-0 Nbd7 11. Qd2 Qc7 12. Bd3 0-0 13. Nb3 Ne5 14. Qe2 Nc4 15. Bxc4 bxc4 16. Nd2 Rac8 17. Na4 Nd7 18. Rad1 Bf6 19. b3 d5 20. exd5 exd5 21. bxc4 Qc6 22. Rb1 d4 23. Bf2 Qxa4 24. Rxb7 Nc5 25. Rbb1 Qxc2 26. Qd1 Qf5 27. Nb3 Ne6 28. Rc1 Rfd8 29. Re1 d3 30. Qd2 Bg5 31. Be3 Bxe3+ 32. Rxe3 Nf4 33. Kf2 Qh5 34. Re4 Ne2 35. Rh1 f5 36. Re3 Qh4+ 37. g3 Nxg3 38. hxg3 Qxh1 39. Rxd3 Qh2+ 40. Ke3 Qg1+ 41. Kf4 Rxc4+ 42. Kxf5 Rf8+ 43. Ke6 Qb6+ 44. Kd5 Qb5+ 45. Ke6 Rf6+ 46. Ke7 Qe5+ 47. Kd8 Qc7+ 48. Ke8 Rf8# 0-1

[Event "CAN-ch U14"]
[Site "Windsor"]
[Date "2016.07.07"]
[Round "5.33"]
[White "Guan, Zi Yu"]
[Black "Chertkow, Matthew"]
[Result "1/2-1/2"]
[WhiteElo "1460"]
[BlackElo "1325"]
[PlyCount "50"]
[EventDate "2016.07.05"]
[EventType "swiss"]
[EventRounds "7"]
[EventCountry "CAN"]
[SourceTitle "EXT 2022"]
[Source "ChessBase"]
[SourceDate "2021.10.06"]
[SourceVersion "1"]
[SourceVersionDate "2021.10.06"]
[SourceQuality "1"]

1. e4 c5 2. Nf3 d6 3. d4 cxd4 4. Nxd4 Nf6 5. Nc3 g6 6. f3 Bg7 7. Be3 0-0 8. Qd2 Nc6 9. Bc4 Bd7 10. 0-0-0 Rc8 11. Bb3 Qa5 12. g4 Ne5 13. h4 h5 14. gxh5 Nxh5 15. Bh6 Qb4 16. Bxg7 Kxg7 17. a3 Qc5 18. Rhg1 e6 19. Rg5 Qb6 20. Rdg1 Rh8 21. f4 Nxf4 22. Qxf4 Qxd4 23. h5 Rxh5 24. Ne2 Qb6 25. Kd1 Rxg5 1/2-1/2

[Event "CAN-ch U14"]
[Site "Windsor"]
[Date "2016.07.07"]
[Round "4.27"]
[White "Liu, Daniel1111"]
[Black "Guan, Zi Yu"]
[Result "1-0"]
[WhiteElo "1970"]
[BlackElo "1460"]
[PlyCount "85"]
[EventDate "2016.07.05"]
[EventType "swiss"]
[EventRounds "7"]
[EventCountry "CAN"]
[SourceTitle "EXT 2022"]
[Source "ChessBase"]
[SourceDate "2021.10.06"]
[SourceVersion "1"]
[SourceVersionDate "2021.10.06"]
[SourceQuality "1"]

1. e4 c5 2. Nf3 d6 3. d4 cxd4 4. Nxd4 Nf6 5. Nc3 e5 6. Nb3 a6 7. g3 Be7 8. Bg2 Be6 9. 0-0 0-0 10. h3 h6 11. Be3 Qc8 12. Kh2 Nbd7 13. Rc1 b5 14. Nd5 Nxd5 15. exd5 Bf5 16. Na5 Nf6 17. c4 Qd7 18. b4 bxc4 19. Rxc4 Rfc8 20. Nc6 Bd8 21. Qb3 e4 22. Rc2 Qb7 23. a4 Kf8 24. Nxd8 Rxd8 25. Rc6 Ke7 26. Rfc1 Bd7 27. b5 axb5 28. axb5 Ra5 29. Bb6 Rda8 30. Bxa5 Rxa5 31. Qb4 Bxc6 32. dxc6 Rxb5 33. Qc4 d5 34. Qa4 Qb6 35. c7 Rc5 36. c8Q Rxc8 37. Rxc8 Qxf2 38. Qc6 Qf5 39. Qc5+ Ke6 40. Rc6+ Ke5 41. Qc3+ d4 42. Qc5+ Nd5 43. Qd6# 1-0

[Event "CAN-ch U14"]
[Site "Windsor"]
[Date "2016.07.06"]
[Round "2.31"]
[White "Singh, Malhar"]
[Black "Guan, Zi Yu"]
[Result "1/2-1/2"]
[WhiteElo "1592"]
[BlackElo "1637"]
[PlyCount "114"]
[EventDate "2016.07.05"]
[EventType "swiss"]
[EventRounds "7"]
[EventCountry "CAN"]
[SourceTitle "EXT 2022"]
[Source "ChessBase"]
[SourceDate "2021.10.06"]
[SourceVersion "1"]
[SourceVersionDate "2021.10.06"]
[SourceQuality "1"]

1. d4 Nf6 2. c4 e6 3. Nc3 Bb4 4. Qc2 0-0 5. Nf3 d5 6. Bg5 Nbd7 7. e3 c5 8. Bd3 Qc7 9. Bf4 Qc6 10. cxd5 exd5 11. 0-0 Bxc3 12. bxc3 c4 13. Bf5 h6 14. Qe2 Nh5 15. Bc2 Nxf4 16. exf4 Nf6 17. a4 Bg4 18. h3 Rfe8 19. Qd2 Bxf3 20. gxf3 Nh5 21. Rfe1 Qf6 22. Rxe8+ Rxe8 23. Re1 Rf8 24. Re5 Nxf4 25. Kh2 Qh4 26. Bf5 g6 27. Bg4 Nd3 28. f4 h5 29. Bf3 Nxe5 30. fxe5 Rd8 31. Kg2 Qe7 32. Qb2 b6 33. Kf1 Qd7 34. Qb4 Qxh3+ 35. Bg2 Qd7 36. a5 bxa5 37. Qxa5 Qb7 38. Qxd8+ Kh7 39. Bxd5 Qb1+ 40. Kg2 Qf5 41. Qh4 a5 42. Be4 Qe6 43. Qxh5+ Kg7 44. Qd1 a4 45. Bf3 a3 46. Qa4 Qe7 47. Qxc4 Qg5+ 48. Kf1 Qc1+ 49. Kg2 Qg5+ 50. Kh2 Qf4+ 51. Kg2 Qg5+ 52. Kh3 Qh6+ 53. Kg3 Qg5+ 54. Bg4 Qd2 55. Qf1 Qxc3+ 56. Kh4 a2 57. Qa6 a1Q 1/2-1/2

[Event "Quebec-ch U20"]
[Site "Montreal"]
[Date "2014.02.09"]
[Round "4"]
[White "Sprumont, Oscar"]
[Black "Guan, Zi Yu"]
[Result "1-0"]
[WhiteElo "2008"]
[BlackElo "1507"]
[PlyCount "87"]
[EventDate "2014.02.07"]
[EventType "swiss"]
[EventRounds "5"]
[EventCountry "CAN"]
[SourceTitle "EXT 2022"]
[Source "ChessBase"]
[SourceDate "2021.10.06"]
[SourceVersion "1"]
[SourceVersionDate "2021.10.06"]
[SourceQuality "1"]

1. Nf3 Nf6 2. c4 e6 3. g3 Be7 4. Bg2 d5 5. 0-0 0-0 6. b3 b6 7. Qc2 Bb7 8. cxd5 exd5 9. d4 Nbd7 10. Bf4 c5 11. Rd1 Rc8 12. dxc5 Bxc5 13. Qb2 a5 14. Nd4 Re8 15. Nc3 Nf8 16. Na4 Bxd4 17. Qxd4 b5 18. Nc5 Ne6 19. Nxe6 fxe6 20. Rac1 Ng4 21. Bd2 Nf6 22. Qa7 Ba8 23. Bxa5 Qd6 24. Qb6 Qd7 25. Bh3 d4 26. Rxc8 Qxc8 27. Qxd4 Qc6 28. f3 e5 29. Qc3 Qb7 30. Qc7 Qa6 31. Rd6 Qb7 32. Qxb7 Bxb7 33. Rb6 Bd5 34. e4 Ba8 35. Rxb5 g6 36. Bc7 Kf7 37. Rxe5 Rxe5 38. Bxe5 g5 39. Bxf6 Kxf6 40. Kf2 h5 41. Ke3 g4 42. fxg4 hxg4 43. Bxg4 Kg5 44. Bf5 1-0

[Event "Quebec-ch U20"]
[Site "Montreal"]
[Date "2014.02.08"]
[Round "2"]
[White "Guan, Zi Yu"]
[Black "Wang, Kelly"]
[Result "0-1"]
[WhiteElo "1507"]
[BlackElo "1685"]
[PlyCount "98"]
[EventDate "2014.02.07"]
[EventType "swiss"]
[EventRounds "5"]
[EventCountry "CAN"]
[SourceTitle "EXT 2022"]
[Source "ChessBase"]
[SourceDate "2021.10.06"]
[SourceVersion "1"]
[SourceVersionDate "2021.10.06"]
[SourceQuality "1"]

1. e4 c5 2. Nf3 Nc6 3. d4 cxd4 4. Nxd4 g6 5. Be2 Bg7 6. Be3 Nf6 7. Nc3 0-0 8. 0-0 d5 9. f3 dxe4 10. fxe4 Qb6 11. Qd2 Nxe4 12. Nxe4 Bxd4 13. Bxd4 Nxd4 14. Kh1 Bf5 15. Rf4 Nxe2 16. Qxe2 Qxb2 17. Raf1 Rac8 18. Rh4 Rxc2 19. Qf3 Rc1 20. Ng5 Qa1 21. Kg1 Rxf1+ 22. Qxf1 Qxf1+ 23. Kxf1 h5 24. h3 f6 25. Nf3 g5 26. Rd4 e5 27. Rd6 g4 28. Nh4 Be4 29. hxg4 hxg4 30. Kf2 Kf7 31. Ke3 Bc2 32. Rd7+ Ke6 33. Rxb7 Rh8 34. g3 f5 35. Rxa7 Rc8 36. Ra6+ Kd5 37. Ng6 Rc5 38. a3 Be4 39. Ne7+ Kc4 40. Ra4+ Kb3 41. Ra7 Rc3+ 42. Kf2 Rc2+ 43. Ke3 Rg2 44. Ra5 Rxg3+ 45. Kd2 Rd3+ 46. Ke2 g3 47. Ra6 g2 48. Rg6 f4 49. Rg5 Rg3 0-1